| 000 | 00000nam##2200000za#4500 |
| 001 | 9.639583 |
| 003 | CaOODSP |
| 005 | 20220901164757 |
| 007 | cr ||||||||||| |
| 008 | 150407|2001||||xxc|||||o f|0| 0 fre|d |
| 040 | |aCaOODSP|bfre |
| 043 | |an-cn--- |
| 086 | 1 |aJ2-180/2001F-PDF |
| 110 | 1 |aCanada.|bJustice Canada. |bCentre national de prévention du crime. |
| 245 | 10|aVous pouvez y arriver : |h[ressource électronique]|bune trousse d'outils pratiques pour l'évaluation des programmes d'intervention policière et de prévention de la criminalité dans la collectivité / |c[publié par] Stratégie nationale sur la sécurité communautaire et la prévention du crime. |
| 260 | |aOttawa - Ontario : |bJustice Canada. |cAoût 2001. |
| 300 | |a150p.|bglossaire, graphiques, ill. (certaines en couleur), tableaux |
| 500 | |aLes n° de catalogue (J2-180/2001E et J2-180/2001F) et les ISBN (0-662-30983-9 et 0-662-86178-7) de l'édition imprimée ont été incorrectement copiés dans cette édition électronique. |
| 504 | |aBibliographie. |
| 590 | |a12-16-Supp|b2012-04-17 |
| 691 | 07|aProgramme communautaire|2gcpds |
| 691 | 07|aPrévention de la criminalité|2gcpds |
| 691 | 07|aÉvaluation du rendement|2gcpds |
| 710 | 2 |aService de police régional d'Ottawa-Carleton. |
| 710 | 2 |aStratégie nationale sur la sécurité communautaire et la prévention du crime. |
| 775 | 08|tYou can do it : |w(CaOODSP)9.695447 |
| 776 | 0#|tVous pouvez y arriver : |w(CaOODSP)9.681601 |
| 856 | 40|ahttp://publications.gc.ca|qPDF|s6.73 Mo|uhttps://publications.gc.ca/collections/Collection/J2-180-2001F.pdf |